000 00956nam a22002657a 4500
005 20220211115009.0
008 220211s2021 ck a|||gr|||| 00| 0 spa d
020 _a9789587846393
040 _aCO-BoUCM
_bspa
_cDeissy Garcia
_dDeissy Garcia
041 0 _aspa
100 1 _9173326
_aGarzón Chiriví, Omar Alberto
245 1 0 _aRezar, soplar, cantar
_betnografía de una lengua ritual
_cOmar Alberto Garzón Chiriví
250 _a2a.Ed.
260 _aBogotá
_bUniversidad del Rosario
_c2021
300 _axxx, 192 páginas
_bilustraciones
504 _aIncluye referencias bibliográficas
650 7 _aEtnología
_xInvestigaciones
_zPutumayo (Colombia)
_9173327
650 7 _aEtnolingüística
_9173328
650 7 _aEtnografía
_915285
650 7 _aLengua kamsá
_9173329
650 7 _918397
_aLenguas indígenas
650 7 _aRitos y ceremonias
_923828
942 _2DEWEY
_cLIBROUR
_a12
_e2
_h498
_mG245r
_n0
999 _c320570
_d320570